[Event "Passau op 2nd"]
[Site "Passau"]
[Date "1994.??.??"]
[Round "?"]
[White "Dydyshko, Viacheslav"]
[Black "Smagin, Sergey"]
[Result "0-1"]
[WhiteElo "2505"]
[BlackElo "2545"]
[Annotator "Smagin,S"]
[PlyCount "74"]
[EventDate "1994.??.??"]
[EventType "swiss"]
[EventRounds "7"]
[EventCountry "GER"]
[SourceTitle "EXT 1999"]
[Source "ChessBase"]
[SourceDate "1998.11.16"]
[SourceVersion "1"]
[SourceVersionDate "1998.11.16"]
[SourceQuality "1"]

1. d4 d5 2. c4 e6 3. Nc3 Nf6 4. cxd5 (4. Nf3) 4... exd5 5. Bg5 Be7 6. e3 Nbd7
7. Bd3 Nb6 8. h3 c6 9. Nf3 (9. Nge2) 9... Nc4 (9... Ne4 $5) 10. Bxc4 $1 dxc4
11. Ne5 Be6 12. O-O (12. Qe2 $5 Qa5) 12... h6 (12... Nd7 13. Bxe7 Qxe7 14. Nxd7
Qxd7 15. e4 $14) 13. Bh4 g5 $6 (13... Nd5 $5 14. Bxe7 Qxe7 15. e4 Nb6 $14) 14.
Bg3 h5 (14... g4 $5) 15. Qe2 g4 16. h4 $1 Nd7 $8 17. Nxc4 Bxc4 18. Qxc4 Nb6 19.
Qb3 Bxh4 20. Rad1 (20. a4 $5) 20... Bxg3 $1 21. fxg3 Qe7 22. e4 h4 $6 (22...
Rh7 $1) 23. Rf5 $1 O-O-O $8 24. Rxf7 (24. Qxf7 Qd6) 24... Qg5 25. Qe6+ Rd7 26.
Rf4 (26. Na4 Kb8 $8 27. Rxd7 (27. Nxb6 Rxf7 28. Qxf7 hxg3 29. Nd7+ Ka8 $19)
27... Nxd7 28. Qd6+ Kc8 29. Qf4 Qb5 30. b3 Qe2 $17) 26... hxg3 27. Qxg4 Qh6 28.
Qh3 $2 (28. Qxg3 $8 Nc4 $1 $13 (28... Rg7 29. Rg4 Qh1+ 30. Kf2 Rf8+ 31. Ke3 $1
(31. Ke2 $2 Qh5) 31... Nc4+ 32. Kd3 Nxb2+ 33. Kc2 $18)) 28... Qxf4 $17 29.
Qxh8+ Rd8 30. Qh3+ Nd7 31. Kh1 Qf2 $1 32. e5 Rf8 $1 33. Rg1 Qxd4 34. e6 Rh8 35.
exd7+ Kd8 36. Rf1 Rxh3+ 37. gxh3 Qd2 0-1

[Event "Gashimov Memorial 2nd"]
[Site "Shamkir"]
[Date "2015.04.19"]
[Round "3"]
[White "So, Wesley"]
[Black "Adams, Michael"]
[Result "1-0"]
[WhiteElo "2788"]
[BlackElo "2745"]
[Annotator "So,Wesley"]
[PlyCount "89"]
[EventDate "2015.04.17"]
[EventType "tourn"]
[EventRounds "9"]
[EventCountry "AZE"]
[EventCategory "21"]
[SourceTitle "CBM 166"]
[Source "ChessBase"]
[SourceDate "2015.05.11"]
[SourceVersion "1"]
[SourceVersionDate "2015.05.11"]
[SourceQuality "1"]

{I knew this game was going to be tough as Michael is an extremely good
technical player besides having a very solid repertoire.} 1. d4 Nf6 2. c4 e6 3.
Nc3 d5 {I was expecting the Nimzo-Indian. This move 3...d5 has been very
popular recently though.} 4. cxd5 exd5 5. Bg5 c6 6. e3 h6 ({I thought Michael
would play the ending} 6... Bf5 7. Qf3 Bg6 8. Bxf6 Qxf6 9. Qxf6 gxf6 {Black
has very solid results here. In fact Kramnik is the main supporter of this
line. It looks like the Berlin Defence of 1.d4. Black has the bishop pair to
compensate for his damaged pawn structure just like in the Berlin ending.}) 7.
Bh4 Be7 8. Bd3 Nbd7 9. f3 {This move came to me only during the game. I had
several ideas how to play this position but I didn't want to allow Black to
exchange the dark bishops with ...Nh5. I wanted to avoid exchanges and keep as
many pieces on the board as possible.} (9. Nge2 Nh5 10. Bxe7 Qxe7 {there have
been many games here recently and Black results have been very solid.}) 9...
O-O 10. Qc2 {This is too slow. I wanted to avoid Black's idea of ...Ne4 but
it's not necessary.} (10. Nge2 Ne4 ({Perhaps Black's best is to play like in
the game} 10... b5 11. O-O Nb6 {but then White may have something better than
12.Qc2.}) 11. Bxe7 Nxc3 12. Bxd8 (12. bxc3 Qxe7) 12... Nxd1 13. Rxd1 Rxd8 14.
Kf2 {I misjudged this position and thought it to be equal. In fact White has
very pleasant play. His bishop is more active and his play on the kingside
with g4-h4 comes very fast.}) 10... b5 11. Nge2 Nb6 12. a3 {I regretted this
move after I played it, and it doesn't look necessary.} (12. O-O Bd7 13. b3 {
might be better. White doesn't have much, but he can slowly improve his
position with Bf2-Ng3. Black can play 13...b4 though it doesn't give much
after 14.Nd1.}) 12... a5 13. O-O Bd7 14. Nc1 ({I had intended} 14. e4 dxe4 15.
fxe4 Ng4 16. Bxe7 Qxe7 {but then I realized that Black is just doing great
here. c6-c5 is coming quick.}) 14... Nc4 {Because of my mistake on move 12,
Michael managed to seize c4 firmly in his control.} 15. Re1 Be6 (15... Rc8 16.
Nb3 {doesn't change much.}) 16. Nb3 Nd7 17. Bf2 {Avoiding any exchanges.} Rc8 (
17... a4 18. Nc1 {still maintains equality.}) 18. Rad1 ({Here I missed my
chance! I didn't think anything was happening in the position and I made a
normal automatic move. However it was time for concrete action:} 18. a4 $1 b4
19. Ne2 c5 20. Nf4 cxd4 ({Best is} 20... Bd6 {White is still better after} 21.
Qe2) 21. exd4 {and Black doesn't have a good way to exploit the open attack to
my queen.}) 18... Qc7 ({If} 18... f5 {I think Michael was concerned by} 19. e4
fxe4 20. fxe4 dxe4 21. Nxe4 {when his bishops are vulnerable.}) 19. h3 {
This looks too slow.} (19. e4 {is met by} a4 {when I have to retreat my knight
or take on c4} 20. Bxc4 bxc4 21. Nd2 {White should be slightly better here.})
19... Rfd8 20. f4 a4 ({We both missed the strong} 20... f5 {and now I can't
take the pawn so that means Black solves all his problems.} 21. Bxf5 Bxf5 22.
Qxf5 Nxb2 23. Qe6+ Kf8 $15) 21. f5 {I decided to have the consolation and win
the bishop pair in an equal position.} (21. Nd2 Nxd2 22. Rxd2 Nf6 {Black's
position on the kingside is solid enough while his counterplay of b5-b4 can be
slowly prepared.}) 21... axb3 22. Qxb3 Bxf5 23. Bxf5 Rb8 {Perhaps Black had
easier ways of getting good play here but Michael's choice is not bad.} 24. Qc2
{Missing another good chance.} (24. e4 b4 25. exd5 bxc3 26. Qxc4 {for some
reason I forgot that the knight on c4 is hanging.}) 24... b4 25. axb4 Bxb4 26.
Re2 Qa5 $6 {This is his first big mistake. Michael simply forgot about Bh4.} (
26... Bd6 {with the idea of Bg3 maintains equality.}) 27. Bh4 f6 {Black's
kingside weaknesses are not a pretty sight. Add to that Black's time trouble -
it makes his problems insurmountable.} ({Of course} 27... g5 {is not an option,
besides 28.Be1 White has} 28. Rf1 {with the idea of} gxh4 29. Be6 $18) 28. Na4
({This is good, but faster would be} 28. Ne4 Nf8 29. Nxf6+ gxf6 30. Bxf6 Rd6
31. Be7 {after capturing the d6 rook White will quickly play e4 after which
Black's defence could collapse.}) 28... Nf8 29. Bd3 Nb6 (29... Nd6 $142 {
to control the e4-square.}) 30. Nc3 {Still with my game plan: keep as many
pieces as possible on the board to maintain the tension.} c5 31. dxc5 Bxc5 32.
Kh1 Rbc8 (32... Nc4 {would have annoyed me as the knight on c4 is very active
that I might exchange it} 33. Bxc4 dxc4 34. Nd5 {White still maintains some
edge.}) (32... Kh8 {might be Black's best move.}) 33. Bf5 Rc6 34. e4 Bb4 (34...
d4 35. e5) 35. e5 {A very annoying move to face during time trouble.} Be7 (
35... Bxc3 36. bxc3 Rxc3 37. Qd2 Nc4 38. Qd4 $18) 36. Qb3 Qc5 $2 {This is the
final mistake.} (36... Kh8 {is the last chance. Now I want to offer a trade of
queens} 37. Qb5 {and after the exchange I will have to do some more work to
try and win the ending.}) 37. exf6 Bxf6 38. Ne4 {Boom.} Qc4 39. Nxf6+ gxf6 40.
Qg3+ Kf7 {Finally we both get another hour on the clock. Fortunately this time
I am on the good side of life.} 41. Rde1 (41. Bg4 $18) 41... Qb4 42. Re7+ Qxe7
43. Rxe7+ Kxe7 44. Qg7+ Ke8 45. Bg4 {Michael Adams accompanied me on our rest
day, when we were taken around Shamkir to perform simuls with Azerbaijani
children in two different chess schools. Two very well equiped chess schools.
In one very small town.  Shamkir is an amazing place with new and old side by
side on every street. We toured a rose factory that produces hundreds of
thousands of roses every week, for the Russian and Ukrainian markets; a day
care school where children learned English, painting, dancing, crafting,
swimming, cooking; a very well equipped, large convention center that housed a
television studio, numerous computer stations and a library. We were also
shown new agricultural developments that market tomatoes, cucumbers, greens
and herbs of all kinds to Azerbaijan's neighbors.   I can tell you that
Michael Adams is extremely polite and patient even when exhausted.} 1-0

[Event "World Cup"]
[Site "Reykjavik"]
[Date "1991.??.??"]
[Round "7"]
[White "Seirawan, Yasser"]
[Black "Speelman, Jonathan S"]
[Result "1/2-1/2"]
[WhiteElo "2615"]
[BlackElo "2630"]
[Annotator "Speelman,J"]
[PlyCount "123"]
[EventDate "1991.09.??"]
[EventType "tourn"]
[EventRounds "15"]
[EventCountry "ISL"]
[EventCategory "16"]
[SourceTitle "CBM 026"]
[Source "ChessBase"]
[SourceDate "1992.02.01"]
[SourceVersion "1"]
[SourceVersionDate "1992.02.01"]
[SourceQuality "1"]

1. d4 Nf6 2. c4 e6 3. Nf3 d5 4. Nc3 Nbd7 5. cxd5 exd5 6. Bf4 c6 7. h3 Ne4 $5 8.
Nxe4 dxe4 9. Nd2 Nf6 10. e3 Nd5 11. Be5 Bf5 $4 (11... Bb4 $1 $14) 12. a3 (12.
g4 Bg6 13. a3 h5 $5 14. Bg2 hxg4 15. Qxg4 $1 Rh4 $2 16. Qg3 $1 $16) 12... h5 $8
(12... f6 13. Bh2 Bd6 14. Bxd6 Qxd6 15. Qc2 Qe7 16. g4 Bg6 17. Bg2 O-O-O 18.
Bxe4 Nxe3 19. fxe3 Rhe8 20. Bf5+ $1 $18) (12... Bd6 13. g4 $5 (13. Bxd6 Qxd6
14. Qc2 Qe7 15. g4 Bg6 16. Bg2 O-O 17. Bxe4 Nxe3 $5 18. fxe3 Rfe8 (18... Rae8
$5 19. Bxg6 Qxe3+ 20. Kd1 fxg6) 19. Bxg6 Qxe3+ 20. Kd1 hxg6 21. Qc3 Rad8 $16)
13... Bg6 (13... Bxe5 14. gxf5 $16) 14. Bxg7) 13. Qc2 Qg5 (13... Qe7 $5) 14.
O-O-O (14. Ba6 $6 Qe7 $1) 14... Qg6 15. Rg1 f6 $8 16. Bh2 Rd8 $1 $16 17. Be2 h4
18. g4 $5 hxg3 19. Bxg3 Qh6 $1 20. Qb3 (20. Nxe4 $2 Nxe3 $1) 20... Rd7 21. Bg4
Bxg4 22. hxg4 Qg6 23. g5 $1 Qxg5 $8 24. Nxe4 Qf5 25. Qc2 (25. Nd2 $5 Qe6) 25...
Kd8 $8 26. Rh1 Rg8 $1 27. Rh2 (27. Kb1 $2 Bxa3 $1) 27... Re7 28. Nc5 Qxc2+ 29.
Kxc2 b6 30. Nd3 (30. e4 $2 Nc7 31. d5 cxd5 32. exd5 Re2+ $1) 30... Kd7 31. Re1
Re8 (31... Re4 $5 32. Kd2 Bd6) 32. e4 Nc7 33. Bxc7 $1 Kxc7 34. Rh7 $16 Rd8 $2 (
34... c5 $5 35. d5 Bd6) 35. Nf4 $1 Rd7 36. Reh1 (36. Nh5 $1 {Seirawan}) 36...
g5 $138 37. Ne6+ Kd6 38. Rxd7+ Kxd7 39. Nxf8+ Rxf8 40. Rh7+ Ke6 41. Rxa7 f5 $1
42. f3 (42. e5 c5 43. dxc5 bxc5 44. Rc7 Kxe5 45. Rxc5+ Ke4 46. Rc3 g4 $44)
42... fxe4 43. fxe4 Rg8 $1 $10 44. Rc7 Kd6 45. Rh7 g4 46. Rh6+ Kd7 47. Rh7+ Kd6
48. Rh6+ Kd7 49. Kd3 (49. Rh2 g3 50. Rg2 c5 $10 51. Kd3) 49... g3 50. Rh7+ Kd6
51. Rh6+ Kd7 52. Rh1 g2 53. Rg1 c5 54. b4 Rg3+ 55. Kc4 cxd4 56. Kxd4 Ke6 57. a4
Kd6 58. Kc4 Ke5 59. Kb5 Rg6 60. a5 bxa5 61. bxa5 Kxe4 62. a6 1/2-1/2

[Event "RUS-ch U18"]
[Site "Moscow"]
[Date "1995.??.??"]
[Round "1"]
[White "Kiriakov, Petr"]
[Black "Malakhov, Vladimir"]
[Result "1/2-1/2"]
[WhiteElo "2480"]
[BlackElo "2395"]
[Annotator "Stohl,I"]
[PlyCount "67"]
[EventDate "1995.??.??"]
[EventType "tourn"]
[EventRounds "11"]
[EventCountry "RUS"]
[EventCategory "8"]
[SourceTitle "CBM 046"]
[Source "ChessBase"]
[SourceDate "1995.06.01"]
[SourceVersion "1"]
[SourceVersionDate "1995.06.01"]
[SourceQuality "1"]

1. d4 Nf6 2. c4 a6 3. Nc3 c5 4. dxc5 (4. d5 $142 b5 5. Qc2 (5. cxb5 {-A57}) (5.
g3 b4 6. Na4 e5 $5 7. dxe6 fxe6 8. Bg2 Ra7 9. Nh3 Be7 10. O-O O-O 11. b3 d6 12.
Bb2 e5 13. f4 Nc6 $1 14. Ng5 Nd4 15. e3 Nf5 16. Qd3 Ng4 17. Qd5+ Kh8 18. Nf7+
Rxf7 19. Qxf7 Ngh6 20. Qh5 Nxe3 $36 {MacMahon,D-Webster,A/Londob Lloyds/1994/})
(5. e3 b4 6. Nb1 e5 7. Nd2 d6 8. Bd3 g6 9. Ne2 Bg7 10. O-O O-O 11. f4 $6 Qe7
12. fxe5 Qxe5 13. e4 Qe7 14. Ng3 Ng4 15. Nf3 Ne5 16. Nxe5 Bxe5 17. Qf3 Qh4 18.
Bf4 Nd7 19. Ne2 Bxf4 20. Qxf4 Qxf4 21. Rxf4 Ne5 22. Rd1 Bg4 $17 {Lazic,
Mi-Petronic,J/JUG-chT Becici/1993/}) 5... d6 6. e4 b4 7. Nd1 g6 8. f4 Bg7 9.
Nf3 O-O 10. Bd3 a5 11. O-O a4 12. e5 Ne8 13. Nf2 e6 14. dxe6 Bxe6 15. f5 gxf5
16. Bxf5 Bxf5 17. Qxf5 Qd7 18. Qe4 $40 {Doroshkievich,V-Yunusov,A/
Voroshilovgrad/1989/}) 4... e6 5. Bf4 (5. b4 $6 a5 6. Qa4 Na6 $17) (5. Na4 Ne4
$10) 5... Bxc5 6. e3 Nc6 7. Nf3 d5 $1 8. Be2 O-O 9. O-O {-D37} (9. cxd5 Nxd5
10. Nxd5 exd5 11. O-O Bg4 $10) 9... dxc4 10. Bxc4 (10. Qc2 $6 b5 11. a4 Nb4 $17
) 10... b5 11. Bd3 (11. Bb3 Bb7 12. Qe2 Be7 13. Rfd1 Qb6 $10) 11... Nb4 12. Bb1
Qxd1 13. Rxd1 Bb7 $10 14. a4 $1 (14. a3 Nbd5 15. Nxd5 Bxd5 $15) 14... Nbd5 15.
Nxd5 Nxd5 16. Be5 Rfd8 (16... f6 17. Bd4 $14) 17. axb5 axb5 18. Rxa8 Rxa8 19.
Rc1 Bb6 20. Bd4 (20. Nd4 f6 21. Bd6 Bxd4 22. exd4 Ra4 $10) 20... Bxd4 21. Nxd4
b4 22. Be4 g6 23. Bf3 (23. h3 Ra2 {/\} 24. b3 e5 25. Nb5 (25. Rc5 exd4 26. Bxd5
Bxd5 27. Rxd5 dxe3 28. fxe3 Rb2 $15) (25. Nf3 $2 Nc3 $1 $19) 25... f5 26. Bf3
e4 {()}) 23... Ra2 24. b3 Rb2 25. h3 $1 e5 26. Nb5 f5 (26... Rxb3 $6 27. Nd6
Rc3 28. Rd1 Nxe3 29. fxe3 Bxf3 30. gxf3 Rxe3 31. Kf2 $14) 27. Nd6 e4 28. Nxb7 (
28. Bxe4 fxe4 29. Nxb7 Rxb3 $15 {o^b}) 28... exf3 29. Nc5 (29. gxf3 $6 Rxb3 $15
) 29... fxg2 30. Rd1 (30. Kxg2 $2 Nxe3+) 30... Nf6 31. Rd4 Rc2 32. Nd3 Rc3 (
32... Ne4 33. Rxb4 Rd2 34. Rd4 $14) 33. Kxg2 $10 Rxb3 34. Nxb4 1/2-1/2

[Event "Skei"]
[Site "Skei"]
[Date "1993.??.??"]
[Round "2"]
[White "Baburin, Alexander"]
[Black "Gausel, Einar"]
[Result "0-1"]
[WhiteElo "2550"]
[BlackElo "2485"]
[Annotator "Tisdall,J"]
[PlyCount "90"]
[EventDate "1993.??.??"]
[EventType "tourn"]
[EventRounds "9"]
[EventCountry "NOR"]
[EventCategory "10"]
[SourceTitle "CBM 036"]
[Source "ChessBase"]
[SourceDate "1993.10.01"]
[SourceVersion "1"]
[SourceVersionDate "1993.10.01"]
[SourceQuality "1"]

1. d4 d5 2. c4 e6 3. Nc3 c6 4. Nf3 Nf6 5. cxd5 exd5 6. Bg5 h6 {Shirov} 7. Bh4
Bf5 8. Qb3 g5 9. Bg3 (9. Qxb7 gxh4 10. Qxa8 Qb6 {-+ - Shirov.}) 9... Qb6 10. h4
g4 11. Nd2 Nbd7 12. h5 Qxb3 13. Nxb3 (13. axb3 $142) 13... a5 14. a3 Rg8 15.
Bf4 b5 16. f3 a4 17. Nd2 gxf3 18. exf3 $2 Nb6 $17 {>< c4,d4.} 19. g4 Bh7 20.
Kf2 Kd8 $1 {/\ ...N-e8-d6.} 21. Be2 Ne8 22. Na2 Bg7 23. Be3 Nd6 24. Nb4 Rc8 25.
b3 Re8 26. Rac1 Kd7 27. bxa4 Nxa4 28. f4 c5 $1 $19 29. dxc5 d4 30. cxd6 dxe3+
31. Kg3 exd2 32. Bxb5+ Kxd6 33. Rxc8 Rxc8 34. Bxa4 Rc3+ 35. Kf2 Rxa3 36. Bd1
Bc3 $2 (36... Be4 $1 $19) 37. Nc2 Ra2 38. f5 f6 $17 39. Rh3 Ba5 40. Ra3 Rxa3
41. Nxa3 Bg8 42. Ke3 Ke5 43. Nb1 Bd5 44. Nxd2 $2 Bxd2+ 45. Kxd2 Kf4 0-1

[Event "Gausdal Int"]
[Site "Gausdal"]
[Date "1995.??.??"]
[Round "2"]
[White "Tisdall, Jonathan D"]
[Black "Sulskis, Sarunas"]
[Result "1-0"]
[WhiteElo "2500"]
[BlackElo "2505"]
[Annotator "Tisdall,J"]
[PlyCount "81"]
[EventDate "1995.08.??"]
[EventType "swiss"]
[EventRounds "9"]
[EventCountry "NOR"]
[SourceTitle "CBM 048"]
[Source "ChessBase"]
[SourceDate "1995.10.01"]
[SourceVersion "1"]
[SourceVersionDate "1995.10.01"]
[SourceQuality "1"]

1. Nf3 d5 2. d4 Nf6 3. c4 e6 4. Nc3 Nbd7 5. cxd5 exd5 6. Bf4 c6 7. e3 Be7 8. h3
Nf8 9. Bd3 Ne6 10. Bh2 O-O 11. Qc2 g6 12. O-O (12. g4 $5 c5 $5 13. dxc5 Nxc5
14. O-O-O $14) 12... Ng7 13. a3 Bf5 14. b4 a6 15. Na4 Bd6 16. Be5 (16. Ne5 $5
Nd7 17. f4 (17. Nxd7 Bxh2+ 18. Kxh2 Qxd7 19. Nb6 $4 Qc7+) 17... f6 18. Nxd7
Bxd7 19. Nc5 $6 (19. e4 $5) 19... Bxc5 20. bxc5 Bf5 {/\ ץh2, Pe3.}) 16... Bxd3
17. Qxd3 Bxe5 18. Nxe5 Nf5 (18... Ne4 $5 {/\ ...Nd6, ...f6.}) 19. Nc5 Nd6 20.
a4 Qe7 21. Rae1 $1 Rad8 22. f3 Nh5 23. e4 Qg5 $5 (23... Ng3 24. exd5 $1 (24.
Rf2 f6 25. Ng4 f5 $17) 24... Nxf1 25. Kxf1 cxd5 (25... Qc7 26. dxc6 $44) 26.
Nc6 $1 Qf6 (26... Qxe1+ 27. Kxe1 bxc6 28. Qxa6) 27. Nxd8 Rxd8 28. Re5 Nc4 $140
29. Nxb7 $1) 24. Ng4 b6 $5 {/\ פa6.} 25. Nxa6 Nf4 26. Qe3 Nc4 27. Qc1 $36 {
/\ פf4} h5 28. h4 Qxh4 29. Qxf4 hxg4 30. fxg4 dxe4 $6 $138 (30... g5 $1 31.
Qc1 $5 (31. Qf6 Rd6 $1 $40 (31... Nd2 $2 32. Re3 Nxf1 33. Rh3 $16 Rd6 $2 34.
Qxd6 Qe1 35. Rh8+ Kxh8 36. Qxf8+ Kh7 37. Qxf7+ $18)) (31. g3 gxf4 32. gxh4 dxe4
33. Rxf4 Nd2 $1 $13) 31... Qxg4 32. Rf5 f6 33. Nc7 $36) 31. Rxe4 Nd6 32. Re3
Qh8 $8 33. Re7 (33. Rc3) 33... Qg7 (33... Qh4 34. Rc7) 34. Nc7 {/\ Ne6} g5 35.
Qf2 $1 Qg6 36. d5 $1 Ne4 37. Qf5 $18 cxd5 38. Nxd5 Qxf5 (38... Ng3 39. Qxg6+
fxg6 40. Nf6+) 39. Rxf5 Nd6 40. Rxg5+ Kh7 41. Nxb6 1-0